| 000 | 01310nam a2200277 a 4500 | ||
|---|---|---|---|
| 005 | 20220330112907.0 | ||
| 008 | 191111t2000 sp fr 001 0 spa d | ||
| 020 | _a8449309689 | ||
| 035 | _aUPN01000233978 | ||
| 040 |
_aUPN _bspa _cUPN |
||
| 050 | 1 | 4 |
_aHD4904 _bN8.4 |
| 245 | 0 | 3 |
_aUn nuevo mundo feliz : _bla precariedad del trabajo en la era de la globalización / _cUlrich Beck. |
| 260 |
_aBarcelona ; _aBuenos Aires ; _aMéxico : _bPaidós, _c2000. |
||
| 300 | _a270 p. | ||
| 440 | 0 |
_943786 _aPaidós estado y sociedad _v79 |
|
| 500 | _aTítulo original en alemán: Schöne neue Arbeitswelt. | ||
| 500 | _aIncluye índice analítico y de nombres. | ||
| 505 | 0 | _aModelo : trabajo cívico / Ulrich Beck. -- Una visión: la sociedad de los ciudadanos globales / Ulrich Beck. -- El fin de la cultura de la caravana / Gerd Mutz. -- El futuro de África / Ruth Bamela Engo-Tjega. -- La vida laboral de los musulmanes en el sudeste asiático / Baharuddin Shamsul. -- La transformación de la cultura laboral en Asia / Hing Ai Yun. | |
| 650 | 1 | 4 |
_926401 _aTRABAJO Y GLOBALIZACION |
| 650 | 1 | 7 |
_943792 _aMujeres - _xEmpleo - _zÁfrica |
| 650 | 1 | 4 |
_943802 _aTrabajo y trabajadores - _zAsia |
| 700 | 1 |
_aBeck, Ulrich, _d1944-2015 _ecoaut. _934525 |
|
| 905 | _aLibro | ||
| 942 |
_2lcc _cLIBRO |
||
| 999 |
_c206073 _d206073 |
||